Unique master guide IBPS (CWE) common written examination : (Record no. 87102)

MARC details
000 -LEADER
fixed length control field 00704nam a22001817a 4500
005 - DATE AND TIME OF LATEST TRANSACTION
control field 20140812110503.0
010 ## - LCCN (DPL NO)
LC control number ENG-110503
020 ## - INTERNATIONAL STANDARD BOOK NUMBER
International Standard Book Number 9788183573825
Terms of availability 325.00
035 ## - SYSTEM CONTROL NUMBER
System control number EN-94035
037 ## - SOURCE OF ACQUISITION
Source of stock number/acquisition DBAD/PUB
082 ## - DEWEY DECIMAL CLASSIFICATION NUMBER
Classification number 000
100 ## - MAIN ENTRY--PERSONAL NAME
Personal name Sharma, J.K.
245 ## - TITLE STATEMENT
Title Unique master guide IBPS (CWE) common written examination :
Statement of responsibility, etc by J.K Sharma ; compiled by Unique research academy
Remainder of title recruitment of bank clerical cadre examinations according to latest syllabus and pattern /
260 ## - PUBLICATION, DISTRIBUTION, ETC. (IMPRINT)
Place of publication, distribution, etc New Delhi
Name of publisher, distributor, etc Unique Publishers
Date of publication, distribution, etc 2013
270 ## - ADDRESS
Address 4574/15, Padam Chand Marg, Ansari Road, Darya Ganj
City New Delhi
Postal code 110002
300 ## - PHYSICAL DESCRIPTION
Extent various pagings
Dimensions 24cm(pbk)
942 ## - ADDED ENTRY ELEMENTS (KOHA)
Source of classification or shelving scheme Dewey Decimal Classification
Item type English Books
Call number suffix SHA
Classification part 000
Holdings
Withdrawn status Lost status Not for loan Collection code Home library Current library Date acquired Source of acquisition Cost, normal purchase price Full call number Barcode Copy number Cost, replacement price Koha item type
    Not For Loan Non-fiction D.B.Act.Division D.B.Act.Division 16/07/2014 DBAD/PUB 325.00 000 SHA EN-94035 1 325.00 English Books

© Delhi Public Library
Hit Counter
free hit counter